LEADER 01916nam 2200613zu 450 001 9910271023703321 005 20210803002620.0 035 $a(CKB)3280000000033796 035 $a(SSID)ssj0000591929 035 $a(PQKBManifestationID)12254076 035 $a(PQKBTitleCode)TC0000591929 035 $a(PQKBWorkID)10728520 035 $a(PQKB)11166309 035 $a(EXLCZ)993280000000033796 100 $a20160829d2012 uy 101 0 $aeng 181 $ctxt 182 $cc 183 $acr 200 10$aMindfulness-based cognitive therapy for cancer : gently turning towards 210 31$a[Place of publication not identified]$cJohn Wiley & Sons$d2012 300 $aBibliographic Level Mode of Issuance: Monograph 311 $a1-119-95405-3 606 $aBehavioral Sciences 606 $aBehavior Therapy 606 $aInvestigative Techniques 606 $aDiseases 606 $aPsychotherapy 606 $aBehavioral Disciplines and Activities 606 $aAnalytical, Diagnostic and Therapeutic Techniques and Equipment 606 $aPsychiatry and Psychology 606 $aMethods 606 $aCognitive Therapy 606 $aNeoplasms 606 $aPsychology 615 2$aBehavioral Sciences 615 2$aBehavior Therapy 615 2$aInvestigative Techniques 615 2$aDiseases 615 2$aPsychotherapy 615 2$aBehavioral Disciplines and Activities 615 2$aAnalytical, Diagnostic and Therapeutic Techniques and Equipment 615 2$aPsychiatry and Psychology 615 2$aMethods 615 2$aCognitive Therapy 615 2$aNeoplasms 615 2$aPsychology 676 $a616.99/40651 700 $aBartley$b Trish$0953339 801 0$bPQKB 906 $aBOOK 912 $a9910271023703321 996 $aMindfulness-based cognitive therapy for cancer : gently turning towards$92800815 997 $aUNINA LEADER 01743oam 2200457I 450 001 9910706151103321 005 20190911135902.0 035 $a(CKB)5470000002454916 035 $a(OCoLC)832055222 035 $a(EXLCZ)995470000002454916 100 $a20150710j200906 ua 0 101 0 $aeng 135 $aurmn||||||||| 181 $ctxt$2rdacontent 182 $cc$2rdamedia 183 $acr$2rdacarrier 200 12$aA computational study of the energy dissipation through an acrylic target impacted by various size FSP /$fby C.G. Fountzoulas, P.G. Dehmer, J.M. Sands, and J.H. Yu 210 1$aAberdeen Proving Ground, MD :$cArmy Research Laboratory,$dJune 2009. 215 $a1 online resource (10 unnumbered pages) $cillustrations (some color) 300 $a"June 2009." 300 $a"ARL-RP-251." 300 $a"A reprint from the Proceedings of the 24th International Symposium on Ballistics, Vol. 1, pp. 481-488, New Orleans, LA, 22-26 September 2008." 320 $aIncludes bibliographical references. 517 3 $aComputational study of the energy dissipation through an acrylic target impacted by various size fragment simulating projectiles 606 $aBallistics 606 $aArmor 615 0$aBallistics. 615 0$aArmor. 700 $aFountzoulas$b C. G$g(Constantine G.),$01412005 702 $aDehmer$b P. G. 702 $aSands$b J. M. 702 $aYu. J. H 712 02$aU.S. Army Research Laboratory, 801 0$bDTICE 801 1$bDTICE 801 2$bOCLCQ 801 2$bGPO 906 $aBOOK 912 $a9910706151103321 996 $aA computational study of the energy dissipation through an acrylic target impacted by various size FSP$93504936 997 $aUNINA LEADER 01547oam 2200493zu 450 001 9910143046403321 005 20250704190323.0 010 $a9781509084708 010 $a1509084703 035 $a(CKB)1000000000331348 035 $a(SSID)ssj0000454167 035 $a(PQKBManifestationID)12194079 035 $a(PQKBTitleCode)TC0000454167 035 $a(PQKBWorkID)10487177 035 $a(PQKB)11307153 035 $a(NjHacI)991000000000331348 035 $a(EXLCZ)991000000000331348 100 $a20160829d2007 uy 101 0 $aeng 135 $aur||||||||||| 181 $ctxt 182 $cc 183 $acr 200 10$a2007 IEEE Instrumentation and Measurement Technology Conference Proceedings 210 31$a[Place of publication not identified]$cI E E E$d2007 215 $a1 online resource (492 pages) 300 $aBibliographic Level Mode of Issuance: Monograph 311 08$a9781424405886 311 08$a1424405882 606 $aElectronic measurements$vCongresses 606 $aElectronic instruments$vCongresses 606 $aGestió del disseny$2thub 606 $aDisseny industrial$2thub 608 $aRevistes electròniques.$2thub 615 0$aElectronic measurements 615 0$aElectronic instruments 615 7$aGestió del disseny 615 7$aDisseny industrial 676 $a621.38154 801 0$bPQKB 906 $aPROCEEDING 912 $a9910143046403321 996 $a2007 IEEE Instrumentation and Measurement Technology Conference Proceedings$92521079 997 $aUNINA